Zmizení Astrid Bricardové /

Vyprávění tří žen, které se prosadily ve světě módního průmyslu nezapomenutelným způsobem. Román australské autorky líčí éru Diora, Coco Chanel i současnost.

Hlavní autor: Lester, Natasha, 1973-
Další autoři: Harrison Lipenská, Kateřina, 1983-
Jazyk: Čeština
Vydáno: Praha : Metafora, 2024
Vydání: První vydání
Témata:
Fyzický popis: 479 stran ; 21 cm
Knihy
Uloženo v:
LEADER 02343nam a2200421 i 4500
001 nkc20243632906
003 CZ PrNK
005 20241015131319.0
007 ta
008 240924s2024 xr g 000 f cze
015 |a cnb003632906 
020 |a 978-80-7625-308-7  |q (vázáno) :  |c Kč 499,00 
035 |a (OCoLC)1468021787 
040 |a ABG001  |b cze  |e rda 
041 1 |a cze  |h eng 
072 7 |a 821.111-3  |x Anglická próza, anglicky psaná  |2 Konspekt  |9 25 
080 |a 821.111(94)-31  |2 MRF 
080 |a (0:82-31)  |2 MRF 
100 1 |a Lester, Natasha,  |d 1973-  |7 xx0240528  |4 aut 
240 1 0 |a Disappearance of Astrid Bricard.  |l Česky 
245 1 0 |a Zmizení Astrid Bricardové /  |c Natasha Lesterová ; přeložila Kateřina Harrison Lipenská 
250 |a První vydání 
264 1 |a Praha :  |b Metafora,  |c 2024 
300 |a 479 stran ;  |c 21 cm 
336 |a text  |b txt  |2 rdacontent 
337 |a bez média  |b n  |2 rdamedia 
338 |a svazek  |b nc  |2 rdacarrier 
500 |a Přeloženo z angličtiny 
520 2 |a Vyprávění tří žen, které se prosadily ve světě módního průmyslu nezapomenutelným způsobem. Román australské autorky líčí éru Diora, Coco Chanel i současnost.  |b Paříž, 1917: Špionka, poběhlice, nebo úspěšná návrhářka? Je známá jako múza Christiana Diora, ale Mizza Bricardová byla mnohem víc než to. Dala si slib: být zapamatována podle svých představ. Její slib ji doprovázel na cestě bouřlivými desetiletími a nestálými módními domy, až se nakonec skutečně zrodila legenda. New York, 1970: Návrhářka Astrid Bricardová přijíždí do bohémské čtvrti Chelsea s odhodláním změnit svět módy navždy a vymanit se ze stínu své matky, módní ikony Mizzy Bricardové. Francouzský venkov, současnost: Blythe Bricardová pochází z generace slavných módních múz, ale to neznamená, že se chce stát jednou z nich. Nakladatelská anotace. Kráceno. 
655 7 |a australské romány  |7 fd131842  |2 czenas 
655 9 |a Australian fiction  |2 eczenas 
700 1 |a Harrison Lipenská, Kateřina,  |d 1983-  |7 xx0130217  |4 trl 
910 2 |a BOA001  |b 2-1529.660 
928 9 |a Grada Publishing - Metafora 
990 |a BK 
995 |a 01 
991 |b 202409  |c NOV 
996 6 |b 2610981410  |c 2-1529.660  |l MZK  |r Sklad / do 1 hodiny  |n 2  |p p.v.  |w 001978752  |u 000010  |a 1  |e BOA001  |j MZK50  |s P